Autonm̤icas constitucionalidades Ensaios sobre as regie̳s polt̕icas portuguesas /

Bibliographic Details
Main Author: Ourique, Arnaldo
Format: eBook
Language:Portuguese
Published: Barcelona: Editorial vLex, 2011
Subjects:
Online Access:Acceso restringido

MARC

LEADER 00000nam a22000007a 4500
005 20110923135149.0
008 110923s2011 po |||||s|||| 00| 0 por d
035 |a 5367 
040 |a vLex 
090 |c 2561  |d 2561 
100 1 |a Ourique, Arnaldo 
245 1 0 |a Autonm̤icas constitucionalidades  |h [Recurso electrn̤ico] :  |b Ensaios sobre as regie̳s polt̕icas portuguesas /  |c Arnaldo Ourique 
256 |a Servicio en ln̕ea. 
260 |a Barcelona:  |b Editorial vLex,  |c 2011 
300 |a 1 recurso electrn̤ico 
506 1 |a Contenido solo disponible en los productos indicados  |d vLex Global  |d vLex Global (Academic Edition, excluding Law Schools)  |d vLex Global (U.S. Academic Edition, Law Schools)  |d vLex Global (U.S. Academic Edition, excluding Law Schools)  |d vLex Global (Academic Edition, Law Schools) 
650 0 4 |a Regiones  |z Portugal 
740 0 |a vLex Libros (Servicio en ln̕ea) 
856 4 0 |u http://vlex.com/source/5367  |z Acceso restringido 
942 |c BOOK